The code of civil procedure / (Record no. 81986)

MARC details
000 -LEADER
fixed length control field 00932nam a22002537a 4500
005 - DATE AND TIME OF LATEST TRANSACTION
control field 20170413095620.0
010 ## - LCCN (DPL NO)
LC control number ENG-109128
020 ## - INTERNATIONAL STANDARD BOOK NUMBER
International Standard Book Number 9789350351864
Terms of availability 625.00
035 ## - SYSTEM CONTROL NUMBER
System control number EN-92661
035 ## - SYSTEM CONTROL NUMBER
System control number B-536661-671
035 ## - SYSTEM CONTROL NUMBER
System control number B-667530
037 ## - SOURCE OF ACQUISITION
Source of stock number/acquisition DBAD/PUB
037 ## - SOURCE OF ACQUISITION
Source of stock number/acquisition KBD/Ven
Stock number dpl
082 ## - DEWEY DECIMAL CLASSIFICATION NUMBER
Classification number 347.540502468
100 ## - MAIN ENTRY--PERSONAL NAME
Personal name Malik, Shailender
245 ## - TITLE STATEMENT
Title The code of civil procedure /
Statement of responsibility, etc by Shailender Malik
260 ## - PUBLICATION, DISTRIBUTION, ETC. (IMPRINT)
Place of publication, distribution, etc Delhi
Name of publisher, distributor, etc Universal Law Publishing
Date of publication, distribution, etc 2012
270 ## - ADDRESS
Address C- FF - 1A, Dilkhush Industrial Estate, G. T. Karnal Road,
City Delhi
Postal code 110033
300 ## - PHYSICAL DESCRIPTION
Extent lxxxii,697p.
Dimensions 24cm(pbk)
500 ## - GENERAL NOTE
General note Includes index
942 ## - ADDED ENTRY ELEMENTS (KOHA)
Source of classification or shelving scheme Dewey Decimal Classification
Item type English Books
Call number suffix MAL
Classification part 347.540502468
Holdings
Withdrawn status Lost status Not for loan Collection code Home library Current library Date acquired Source of acquisition Cost, normal purchase price Full call number Barcode Copy number Cost, replacement price Koha item type
      Non-fiction Ashok Vihar Ashok Vihar 13/04/2017 BPPD/EN/2013-14/AV/16-17/365/15.02.2017KBD/BL16/24.02.2017/17.03.217 625.00 347.540502468 MAL B-667530 1 625.00 English Books
      Non-fiction Central Library Central Library 10/09/2014 KBD/BL98/28.03.2014/145/25.03.2014/31.03.2014 625.00 347.540502468 MAL B-536661 1 625.00 English Books
    Not For Loan Reference Central Library Central Library 10/09/2014 KBD/BL98/28.03.2014/145/25.03.2014/31.03.2014 625.00 347.540502468 MAL B-536662 1 625.00 English Books
    Not For Loan Non-fiction D.B.Act.Division D.B.Act.Division 20/01/2014 DBAD/PUB 625.00 347.540502468 MAL EN-92661 1 625.00 English Books
      Non-fiction Janak Puri Janak Puri 10/09/2014 KBD/BL98/28.03.2014/145/25.03.2014/31.03.2014 625.00 347.540502468 MAL B-536667 1 625.00 English Books
    Not For Loan Reference Karol Bagh Karol Bagh 10/09/2014 KBD/BL98/28.03.2014/145/25.03.2014/31.03.2014 625.00 347.540502468 MAL B-536669 1 625.00 English Books
      Non-fiction Kasturba Gandhi Marg Kasturba Gandhi Marg 10/09/2014 KBD/BL98/28.03.2014/145/25.03.2014/31.03.2014 625.00 347.540502468 MAL B-536664 1 625.00 English Books
      Non-fiction Narela Narela 10/09/2014 KBD/BL98/28.03.2014/145/25.03.2014/31.03.2014 625.00 347.540502468 MAL B-536670 1 625.00 English Books
    Not For Loan Reference Patel Nagar Patel Nagar 10/09/2014 KBD/BL98/28.03.2014/145/25.03.2014/31.03.2014 625.00 347.540502468 MAL B-536663 1 625.00 English Books
      Non-fiction Peshwa Road Peshwa Road 10/09/2014 KBD/BL98/28.03.2014/145/25.03.2014/31.03.2014 625.00 347.540502468 MAL B-536665 1 625.00 English Books
    Not For Loan Reference Sarojini Nagar Sarojini Nagar 10/09/2014 KBD/BL98/28.03.2014/145/25.03.2014/31.03.2014 625.00 347.540502468 MAL B-536668 1 625.00 English Books
    Not For Loan Reference Shahdara Branch Shahdara Branch 10/09/2014 KBD/BL98/28.03.2014/145/25.03.2014/31.03.2014 625.00 347.540502468 MAL B-536671 1 625.00 English Books
      Non-fiction Tri Nagar Tri Nagar 10/09/2014 KBD/BL98/28.03.2014/145/25.03.2014/31.03.2014 625.00 347.540502468 MAL B-536666 1 625.00 English Books

© Delhi Public Library
Hit Counter
free hit counter